|
|
|
|
| LEADER |
00000nam a2200000 i 4500 |
| 001 |
DIGUPERCA0022 |
| 003 |
NyNyDIG |
| 008 |
200507s2015 pe a ob 000 0 spa d |
| 006 |
m o d |
| 007 |
cr ||||||||||| |
| 035 |
|
|
|a (OCoLC)1153690254
|
| 040 |
|
|
|a DGITA
|b eng
|e rda
|e pn
|c DGITA
|
| 020 |
|
|
|a 9786124041587
|q eBook
|q pdf
|
| 020 |
|
|
|a 6124041588
|q eBook
|q pdf
|
| 020 |
|
|
|a 9786124191947
|q eBook
|q ePub
|
| 020 |
|
|
|a 6124191946
|q eBook
|q ePub
|
| 020 |
|
|
|z 9789972228957
|q versión impresa
|
| 020 |
|
|
|z 9972228959
|q versión impresa
|
| 050 |
1 |
4 |
|a N5300 ebook
|
| 082 |
0 |
4 |
|a 709
|
| 100 |
1 |
|
|a Checa, Liliana,
|e author.
|
| 245 |
1 |
0 |
|a Arte de los siglos XIV al XVII :
|b del ocaso al amanecer : una breve historia /
|c Lilian Checa, Sergio Dextre, Luis Villacorta.
|
| 246 |
3 |
0 |
|a Del ocaso al amanecer :
|b una breve historia
|
| 264 |
|
1 |
|a Lima :
|b Universidad Peruana de Ciencias Aplicadas,
|c 2015.
|
| 300 |
|
|
|a 1 online resource.
|
| 336 |
|
|
|a text
|b txt
|2 rdacontent
|
| 337 |
|
|
|a computer
|b c
|2 rdamedia
|
| 338 |
|
|
|a online resource
|b cr
|2 rdacarrier
|
| 347 |
|
|
|a text file
|2 rdaft
|
| 347 |
|
|
|b PDF
|
| 347 |
|
|
|b EPUB
|
| 504 |
|
|
|a Includes bibliographical references.
|
| 588 |
0 |
|
|a Online resource; title from PDF title page (Digitalia, viewed May 9, 2020)
|
| 650 |
|
0 |
|a Art
|x History.
|
| 650 |
|
0 |
|a Art, Renaissance.
|
| 655 |
|
0 |
|a Electronic books.
|
| 700 |
1 |
|
|a Dextre, Sergio,
|e author.
|
| 700 |
1 |
|
|a Villacorta, Luis,
|e author.
|
| 791 |
2 |
|
|a Digitalia (Firm),
|e distributor.
|
| 793 |
0 |
|
|g Digitalia eBook Collection:
|a Universidad Peruana de Ciencias Aplicadas
|
| 776 |
0 |
8 |
|i Print version:
|a Checa, Liliana.
|t Arte de los siglos XIV al XVII.
|b Segunda edición.
|d Lima, Peru : Universidad Peruana de Ciencias Aplicadas, 2007
|z 9786124191947
|
| 856 |
4 |
0 |
|3 Digitalia Hispánica
|u https://www.digitaliapublishing.com/a/45578/
|
| 910 |
|
|
|a Premium collection: 2020
|